• 首页
  • 本馆介绍
  • 公告通知
  • 最新文献
  • 馆藏检索
  • 电子资源
  • 读者导购
  • 参考咨询
  • 我的图书馆
  • 登录
  • 详细信息显示
  • 放入我的书架
  • 预约/预借图书
  • 作者相关作品
  • 分类相关作品
  • 丛书相关作品
  • 出版社相关作品

书目信息

  • 表格格式
  • 工作单格式
  • 卡片格式
题名:
哲学常识
    
 
作者: ;人民教育出版社政治室 编著
分册:  
出版信息: 北京   人民教育出版社  1999
页数: 276页
开本: 26cm
丛书名:
单 册:
中图分类: G634.21
科图分类:
主题词: 教育--师范学校--教材--各级
电子资源:
ISBN: 7-107-13245-8
000 00749nam0 2200229 45
001 0194031440
005 20061018144714.04
010    @a7-107-13245-8@dCNY14.20
100    @a19940721d1999 em y0chiy0121 ea
101 0  @achi
102    @aCN@b110000
105    @ay z 000yy
200 10 @a哲学常识@AZHE XUE CHANG SHI@f人民教育出版社政治室编著@Fren min jiao yu chu ban she zheng zhi shi bian zhu
210    @a北京@c人民教育出版社@d1999
215    @a276页@d26cm
300    @a中等师范学校思想政治教科书 试用本
540 1  @a哲学@AZHE XUE
606    @a教育@x师范学校@x教材@x各级
690    @aG634.21@v4
711 02 @a人民教育出版社政治室@Aren min jiao yu chu ban she zheng zhi shi@4编著
801  0 @aCN@bTSSF@c20061018
905    @a10447@dG634.21@e471
    
    哲学常识/人民教育出版社政治室编著.-北京:人民教育出版社,1999
    276页;26cm
    中等师范学校思想政治教科书 试用本
    
    ISBN 7-107-13245-8:CNY14.20
    
●
相关链接 在E读中查询图书 在五车中查询图书 在当当中查询图书 在豆瓣中查询图书


正题名:哲学常识     索取号:G634.21/471         预约/预借

序号 登录号 条形码 馆藏地/架位号 状态 备注
1 0503910   205039108   第一样本阅览室/ [索取号:G634.21/471] 在馆    
唐山师范学院图书馆 欢迎您!
大连网信软件有限公司© 版权所有